[Event "4NCL"]
[Site "Barcelo Hotel, Hinkley Island,"]
[Date "2011.01.16"]
[Round "4.31"]
[White "Girdlestone, Paul C"]
[Black "Pedersen, Carsten"]
[Result "1/2-1/2"]
[WhiteElo "2182"]
[BlackElo "2163"]
[PlyCount "67"]
[EventDate "2011.??.??"]
[WhiteTeam "Brown Jack"]
[BlackTeam "Celtic Tigers 1"]

1. c4 e5 2. Nc3 Nc6 3. Nf3 f5 4. d4 e4 5. Ng5 Nf6 6. g3 Bb4 7. Nh3 O-O 8. Nf4
d6 9. Bg2 Na5 10. Qa4 c5 11. dxc5 Bxc3+ 12. bxc3 dxc5 13. O-O b6 14. Rd1 Bd7
15. Qa3 Qe8 16. Nd5 Nxd5 17. cxd5 Ba4 18. Bf4 Nc4 19. Qc1 Bxd1 20. Qxd1 Rd8 21.
Qb3 Na5 22. Qd1 Qf7 23. f3 Rfe8 24. fxe4 fxe4 25. d6 Qe6 26. Qf1 Rf8 27. Bh3
Qc4 28. e3 Qxc3 29. Rc1 Qb2 30. Qd1 Qxa2 31. Bg5 Qf2+ 32. Kh1 h6 33. Bxd8 Rxd8
34. Qd5+ 1/2-1/2

[Event "4NCL"]
[Site "Barcelo Hotel, Hinkley Island,"]
[Date "2011.01.16"]
[Round "4.31"]
[White "Kemp, Peter D"]
[Black "Richmond, Peter A"]
[Result "1-0"]
[WhiteElo "2158"]
[BlackElo "2252"]
[PlyCount "139"]
[EventDate "2011.??.??"]
[WhiteTeam "Celtic Tigers 1"]
[BlackTeam "Brown Jack"]

1. d4 d5 2. c4 e5 3. dxe5 d4 4. Nf3 Nc6 5. a3 Nge7 6. Nbd2 Bg4 7. Nb3 Nf5 8.
Bf4 h6 9. Qd3 g5 10. h3 Bxf3 11. Qxf5 Bh5 12. e6 Bg7 13. Bh2 O-O 14. g4 fxe6
15. Qd3 Be8 16. Bg2 Ne5 17. Bxe5 Bxe5 18. Bxb7 Rb8 19. Be4 Qf6 20. Rf1 Rb6 21.
Rb1 Qg7 22. Nd2 c5 23. b4 Qe7 24. b5 Bc7 25. a4 Rb8 26. Nb3 Kg7 27. Kd1 Rf4 28.
f3 Qd6 29. Rb2 Rf6 30. e3 Rd8 31. exd4 cxd4 32. c5 Qg3 33. Nd2 Ba5 34. Nc4 Bc3
35. Rbf2 Qc7 36. c6 e5 37. Re2 Bf7 38. Bf5 Re8 39. Rc2 Qe7 40. Nd2 Bxd2 41.
Kxd2 Qb4+ 42. Ke2 Bb3 43. Rb2 Bd1+ 44. Rxd1 Qxb2+ 45. Rd2 Qc1 46. Rc2 Qg1 47.
c7 e4 48. fxe4 Rxf5 49. gxf5 Qg2+ 50. Kd1 Qh1+ 51. Kd2 Rxe4 52. f6+ Kf7 53.
Qxe4 Qxe4 54. c8=Q Qe3+ 55. Kd1 Qg1+ 56. Ke2 Qe3+ 57. Kf1 Qf3+ 58. Rf2 Qh1+ 59.
Ke2 Qe4+ 60. Kd1 Qb1+ 61. Qc1 Qd3+ 62. Ke1 Qe4+ 63. Re2 Qh4+ 64. Kd1 d3 65.
Qc7+ Kg6 66. Qg7+ Kf5 67. Qh7+ Kxf6 68. Qe7+ Kg6 69. Re6+ Kh5 70. Qf7# 1-0

[Event "4NCL"]
[Site "Barcelo Hotel, Hinkley Island,"]
[Date "2011.01.16"]
[Round "4.31"]
[White "Haydon, Richard"]
[Black "Haldane, Robin W"]
[Result "1-0"]
[WhiteElo "2164"]
[BlackElo "2166"]
[PlyCount "53"]
[EventDate "2011.??.??"]
[WhiteTeam "Brown Jack"]
[BlackTeam "Celtic Tigers 1"]

1. Nf3 d5 2. g3 c5 3. Bg2 Nc6 4. O-O e5 5. d3 f5 6. c4 d4 7. e3 Nf6 8. exd4
cxd4 9. Nxe5 Nxe5 10. Re1 Kf7 11. Rxe5 Bd6 12. Re1 Be6 13. Nd2 f4 14. Nf3 Bg4
15. c5 Bxf3 16. Qxf3 Bc7 17. Bxf4 Bxf4 18. Qxf4 Rc8 19. Re5 Re8 20. Bxb7 Rxe5
21. Qxe5 Rc7 22. Bf3 Re7 23. Qf4 h6 24. c6 g5 25. Qf5 Qb8 26. Bh5+ Kg7 27. Qg6+
1-0

[Event "4NCL"]
[Site "Barcelo Hotel, Hinkley Island,"]
[Date "2011.01.16"]
[Round "4.31"]
[White "French, Angus J"]
[Black "Padilla Cabero, Pablo"]
[Result "1/2-1/2"]
[WhiteElo "2118"]
[BlackElo "2147"]
[PlyCount "87"]
[EventDate "2011.??.??"]
[WhiteTeam "Celtic Tigers 1"]
[BlackTeam "Brown Jack"]

1. e4 Nf6 2. e5 Nd5 3. c4 Nb4 4. d4 c5 5. dxc5 d6 6. a3 Qa5 7. Nc3 dxc5 8. Bd2
N4c6 9. Nd5 Qd8 10. f4 e6 11. Nc3 Nd4 12. Ne4 Nbc6 13. Nh3 Be7 14. Nhf2 b6 15.
Bd3 Bb7 16. O-O Qd7 17. Rb1 a5 18. Nc3 h5 19. Nfe4 Nf5 20. Be2 h4 21. Bc1 Ncd4
22. Bg4 g6 23. Qe1 O-O-O 24. Bd1 Bc6 25. Be3 Qb7 26. Bf2 h3 27. g4 Nh4 28. Bxh4
Bxh4 29. Qe3 Be7 30. Ba4 Bxa4 31. Nxa4 Rh4 32. Rf2 Rxg4+ 33. Kf1 Nf5 34. Qf3
Bh4 35. Re2 Rg2 36. Rxg2 hxg2+ 37. Kxg2 Rd4 38. Nac3 Be7 39. Qe2 Nh4+ 40. Kf2
Nf5 41. Rd1 Qd7 42. Kg2 Rxd1 43. Nxd1 Qd4 44. Kh1 1/2-1/2

[Event "4NCL"]
[Site "Barcelo Hotel, Hinkley Island,"]
[Date "2011.01.16"]
[Round "4.31"]
[White "Truran, Michael C"]
[Black "Evans, Craig"]
[Result "1/2-1/2"]
[WhiteElo "2195"]
[BlackElo "2026"]
[PlyCount "46"]
[EventDate "2011.??.??"]
[WhiteTeam "Brown Jack"]
[BlackTeam "Celtic Tigers 1"]

1. d4 Nf6 2. c4 Nc6 3. Nf3 e6 4. a3 b6 5. Nc3 Bb7 6. Bg5 Ne7 7. Qc2 h6 8. Bh4
g5 9. Bg3 Bg7 10. e3 d6 11. Be2 Ng6 12. O-O Qe7 13. Nd2 h5 14. f3 h4 15. Bf2
Nh5 16. Bd3 f5 17. d5 Ne5 18. dxe6 Nxd3 19. Qxd3 Bxc3 20. Qxc3 O-O-O 21. e4 Nf4
22. Rfe1 Qxe6 23. h3 Rde8 1/2-1/2

[Event "4NCL"]
[Site "Barcelo Hotel, Hinkley Island,"]
[Date "2011.01.16"]
[Round "4.31"]
[White "Fathallah, Joe"]
[Black "Bourne, Johnathan D"]
[Result "1/2-1/2"]
[WhiteElo "1906"]
[BlackElo "2075"]
[PlyCount "72"]
[EventDate "2011.??.??"]
[WhiteTeam "Celtic Tigers 1"]
[BlackTeam "Brown Jack"]

1. d4 Nf6 2. c4 c5 3. d5 b5 4. cxb5 a6 5. Nc3 Qa5 6. Bd2 axb5 7. e4 b4 8. e5
bxc3 9. Bxc3 Qa4 10. Qxa4 Rxa4 11. exf6 gxf6 12. Bd3 Bb7 13. Bc2 Bxd5 14. Bxa4
Bxg2 15. O-O-O Bxh1 16. Re1 Bc6 17. Bxf6 Rg8 18. Bc2 Rg2 19. Bh4 Rg4 20. Bg3
Na6 21. Bxh7 e6 22. a3 c4 23. h3 Rg5 24. Re5 f5 25. h4 Rg4 26. Bxf5 Bh6+ 27.
Kb1 Rd4 28. Bc2 Bg7 29. Ra5 Bb7 30. h5 d6 31. Nf3 Bxf3 32. Rxa6 Ke7 33. Ra7+
Kf8 34. Rd7 e5 35. Bg6 Bc6 36. Ra7 Bh6 1/2-1/2

[Event "4NCL"]
[Site "Barcelo Hotel, Hinkley Island,"]
[Date "2011.01.16"]
[Round "4.32"]
[White "Savage, Nicholas W"]
[Black "Crouch, Colin S"]
[Result "0-1"]
[WhiteElo "2134"]
[BlackElo "2343"]
[PlyCount "110"]
[EventDate "2011.??.??"]
[WhiteTeam "Iceni"]
[BlackTeam "Braille Chess Assoc"]

1. d4 d5 2. c4 c6 3. Nf3 Nf6 4. e3 e6 5. b3 Nbd7 6. Bb2 Bb4+ 7. Nbd2 O-O 8. Bd3
dxc4 9. bxc4 e5 10. O-O exd4 11. exd4 Nc5 12. Bc2 Ne6 13. Ne4 Nf4 14. Bc1 N6h5
15. Be3 Bg4 16. Ng3 Qf6 17. Nxh5 Bxh5 18. Bxf4 Qxf4 19. Qd3 Qh6 20. Qe3 Qxe3
21. fxe3 Rfe8 22. Kf2 Re7 23. Rab1 Ba5 24. e4 Bg6 25. Ne5 Bb6 26. Nf3 Rd8 27.
Rfd1 h6 28. c5 Ba5 29. Ne5 Bh7 30. Nc4 Bc7 31. Rxb7 Bg3+ 32. hxg3 Rxb7 33. Ke3
Kf8 34. Ne5 Rb2 35. Bb3 Re8 36. Bxf7 Rxe5 37. dxe5 Kxf7 38. Rd7+ Kg6 39. Rxa7
Rxg2 40. Ra6 Rxg3+ 41. Kf4 Rc3 42. Rxc6+ Kh5 43. e6 Rc4 44. Ke5 Rxe4+ 45. Kd6
g5 46. Rc8 g4 47. e7 Bg6 48. Rb8 g3 49. Rb2 Be8 50. Rc2 Rd4+ 51. Ke5 Rd7 52.
Ke6 Rc7 53. Kd6 Rc6+ 54. Kd5 Kh4 55. Rb2 Rg6 0-1

[Event "4NCL"]
[Site "Barcelo Hotel, Hinkley Island,"]
[Date "2011.01.16"]
[Round "4.32"]
[White "Ross, Chris N"]
[Black "Ruthen, Stephen W"]
[Result "1-0"]
[WhiteElo "2223"]
[BlackElo "2066"]
[PlyCount "81"]
[EventDate "2011.??.??"]
[WhiteTeam "Braille Chess Assoc"]
[BlackTeam "Iceni"]

1. e4 e5 2. Nf3 Nc6 3. Bb5 Nd4 4. Nxd4 exd4 5. O-O Bc5 6. c3 c6 7. Ba4 d6 8. d3
Qh4 9. Qe1 Ne7 10. Nd2 Bg4 11. Bd1 h5 12. Nb3 dxc3 13. bxc3 Bb6 14. Be3 Bxe3
15. Qxe3 Rh6 16. f4 f5 17. a4 Qf6 18. Nd4 O-O-O 19. Bb3 fxe4 20. dxe4 Re8 21.
Qd2 Bd7 22. Rae1 Qh4 23. Nf3 Qg4 24. Ng5 Rg6 25. Bd1 Rxg5 26. Bxg4 Rxg4 27.
Qxd6 Rg6 28. Qd2 Ng8 29. f5 Rg4 30. Rf4 Nf6 31. e5 Rxf4 32. Qxf4 Nd5 33. Qg5 c5
34. Qxg7 Bxf5 35. Qf7 Bd7 36. Qxd5 Be6 37. Qxc5+ Kb8 38. Qd6+ Kc8 39. Rf1 Bd7
40. Rf7 Rd8 41. e6 1-0

[Event "4NCL"]
[Site "Barcelo Hotel, Hinkley Island,"]
[Date "2011.01.16"]
[Round "4.32"]
[White "Feavyour, John A"]
[Black "Mordue, A Tyson"]
[Result "0-1"]
[WhiteElo "2069"]
[BlackElo "2263"]
[PlyCount "104"]
[EventDate "2011.??.??"]
[WhiteTeam "Iceni"]
[BlackTeam "Braille Chess Assoc"]

1. d4 Nf6 2. c4 g6 3. Nc3 Bg7 4. e4 d6 5. Nf3 O-O 6. Be2 e5 7. d5 a5 8. h3 Nh5
9. O-O Na6 10. Be3 Nf4 11. Bxf4 exf4 12. Qd2 Qf6 13. Rac1 Nc5 14. Rfe1 Bd7 15.
Bd3 Rfe8 16. Bb1 Re7 17. Re2 Rae8 18. Rce1 h5 19. Nb5 Bxb5 20. cxb5 b6 21. Qd3
Kf8 22. Qc4 g5 23. Rd1 g4 24. hxg4 hxg4 25. Nd4 f3 26. Ree1 fxg2 27. Nf5 Qxf5
28. exf5 Rxe1+ 29. Rxe1 Rxe1+ 30. Kxg2 Rxb1 31. Qxg4 Bf6 32. Qh5 Rxb2 33. Qh6+
Ke7 34. Qe3+ Kd7 35. Qh6 Ne4 36. Kf3 Ng5+ 37. Ke3 Ke7 38. f4 Rg2 39. Qh1 Rg3+
40. Ke2 Nh3 41. Kd2 Rd3+ 42. Kc2 Nxf4 43. Qe4+ Be5 44. Qh1 Rxd5 45. Qh4+ Ke8
46. a4 Rc5+ 47. Kd2 Rc4 48. Qh1 Rd4+ 49. Kc2 Nd5 50. Qf3 Nb4+ 51. Kc1 Nd3+ 52.
Kb1 Rb4+ 0-1

[Event "4NCL"]
[Site "Barcelo Hotel, Hinkley Island,"]
[Date "2011.01.16"]
[Round "4.32"]
[White "Lilley, Graham"]
[Black "Donaghay, Richard H"]
[Result "1/2-1/2"]
[WhiteElo "2081"]
[BlackElo "1983"]
[PlyCount "85"]
[EventDate "2011.??.??"]
[WhiteTeam "Braille Chess Assoc"]
[BlackTeam "Iceni"]

1. d4 Nf6 2. c4 e5 3. dxe5 Ng4 4. Bf4 Nc6 5. Nf3 Bb4+ 6. Nbd2 Qe7 7. e3 Ngxe5
8. Nxe5 Nxe5 9. Be2 O-O 10. O-O Ng6 11. Bg3 Bd6 12. Bxd6 Qxd6 13. Qc2 b6 14.
Bf3 Rb8 15. Ne4 Qe5 16. Rad1 d6 17. Ng3 Be6 18. Bd5 a5 19. b3 Ne7 20. Bxe6 Qxe6
21. e4 Rbe8 22. f4 f5 23. Rde1 fxe4 24. Rxe4 Qf7 25. Rfe1 Ng6 26. Rxe8 Rxe8 27.
Rxe8+ Qxe8 28. Qe2 Qxe2 29. Nxe2 Kf7 30. Kf2 Ne7 31. Nc3 Ke6 32. g4 d5 33. Nb5
dxc4 34. bxc4 c6 35. Nd4+ Kd6 36. Ke3 g6 37. Ke4 Kc5 38. f5 gxf5+ 39. gxf5 Kxc4
40. f6 Ng6 41. Nxc6 Kc5 42. Ne7 Kd6 43. Nd5 1/2-1/2

[Event "4NCL"]
[Site "Barcelo Hotel, Hinkley Island"]
[Date "2011.01.16"]
[Round "4.33"]
[White "Way, Julian M"]
[Black "Salimbeni, George PW"]
[Result "0-1"]
[WhiteElo "2122"]
[BlackElo "2159"]
[PlyCount "77"]
[EventDate "2011.??.??"]
[WhiteTeam "Guildford A&DC 3"]
[BlackTeam "Sussex Smart Controls"]

1. d4 Nf6 2. Nc3 d5 3. Bg5 Nbd7 4. Qd3 c6 5. Nf3 g6 6. O-O-O Bg7 7. Kb1 Qa5 8.
e4 dxe4 9. Nxe4 Nxe4 10. Qxe4 Nf6 11. Bxf6 Bxf6 12. Bc4 Bf5 13. Qe3 O-O 14. h3
Qb4 15. Bb3 a5 16. a3 Qd6 17. g4 Bd7 18. h4 a4 19. Ba2 Bxg4 20. h5 Bxh5 21.
Rxh5 gxh5 22. Rg1+ Bg7 23. Ne5 Rad8 24. c3 Qf6 25. Ka1 Kh8 26. Rh1 Bh6 27. Qe2
h4 28. Qe4 Bg5 29. Bb1 Qh6 30. Qf5 Qg7 31. f4 f6 32. Ng4 Rd5 33. Qe6 Bxf4 34.
Rxh4 f5 35. Ne5 Bxe5 36. dxe5 Rxe5 37. Qc4 Rd5 38. Qxa4 c5 39. Qc2 0-1

[Event "4NCL"]
[Site "Barcelo Hotel, Hinkley Island"]
[Date "2011.01.16"]
[Round "4.33"]
[White "Norton, David"]
[Black "Shepley, Julien M"]
[Result "1-0"]
[WhiteElo "2138"]
[BlackElo "2043"]
[PlyCount "55"]
[EventDate "2011.??.??"]
[WhiteTeam "Sussex Smart Controls"]
[BlackTeam "Guildford A&DC 3"]

1. d4 Nf6 2. Nf3 d6 3. Nc3 c6 4. e4 Nbd7 5. e5 dxe5 6. dxe5 Ng4 7. Bc4 Ndxe5 8.
Qe2 Nxf3+ 9. gxf3 Nf6 10. Be3 Bf5 11. Rg1 e6 12. Rg5 g6 13. Rd1 Qc7 14. Nb5
Qxh2 15. Qd2 Be7 16. Bf4 Qh1+ 17. Ke2 Qxd1+ 18. Qxd1 cxb5 19. Bxb5+ Kf8 20.
Rxf5 exf5 21. Bh6+ Kg8 22. Qd4 a6 23. Bc4 b5 24. Bb3 Rd8 25. Qa7 Re8 26. Kf1 g5
27. Qxa6 g4 28. Qe6 1-0

[Event "4NCL"]
[Site "Barcelo Hotel, Hinkley Island"]
[Date "2011.01.16"]
[Round "4.33"]
[White "Taylor, Dale C"]
[Black "Hoare, Amy B"]
[Result "1-0"]
[WhiteElo "1975"]
[BlackElo "1936"]
[PlyCount "65"]
[EventDate "2011.??.??"]
[WhiteTeam "Guildford A&DC 3"]
[BlackTeam "Sussex Smart Controls"]

1. Nf3 Nf6 2. c4 g6 3. Nc3 d5 4. Qa4+ Bd7 5. Qb3 dxc4 6. Qxc4 Bg7 7. e4 O-O 8.
e5 Ne8 9. d4 Nc6 10. Be2 Na5 11. Qd3 Bf5 12. Qd1 Nc6 13. O-O Nb4 14. Nh4 Be6
15. f4 Bd7 16. f5 c5 17. fxg6 hxg6 18. dxc5 Nc6 19. Bf4 Nxe5 20. Bxe5 Bxe5 21.
Nxg6 Bxh2+ 22. Kxh2 fxg6 23. Qd5+ e6 24. Rxf8+ Kxf8 25. Rf1+ Kg7 26. Qd4+ Kg8
27. Qg4 Qe7 28. Qxg6+ Qg7 29. Qg4 Qxg4 30. Bxg4 Rd8 31. Ne4 e5 32. Rd1 Bxg4 33.
Rxd8 1-0

[Event "4NCL"]
[Site "Barcelo Hotel, Hinkley Island"]
[Date "2011.01.16"]
[Round "4.33"]
[White "Payne, Matthew J"]
[Black "Bryant, Richard BE"]
[Result "1-0"]
[WhiteElo "1874"]
[BlackElo "1973"]
[PlyCount "59"]
[EventDate "2011.??.??"]
[WhiteTeam "Sussex Smart Controls"]
[BlackTeam "Guildford A&DC 3"]

1. e4 e6 2. d4 c5 3. d5 exd5 4. exd5 d6 5. Nf3 a6 6. c4 Be7 7. Nc3 Nf6 8. Qc2
O-O 9. Be3 Re8 10. h3 Nbd7 11. Bd3 Nf8 12. g4 Ng6 13. O-O-O Bd7 14. Ng5 Nxd5
15. Bxg6 Bxg5 16. Bxf7+ Kxf7 17. Nxd5 b5 18. Qxh7 bxc4 19. Qh5+ g6 20. Qxg5
Qxg5 21. Bxg5 Bc6 22. Nc7 Bxh1 23. Nxe8 Bf3 24. Nxd6+ Ke6 25. Rd2 Bd5 26. Bf4
Rh8 27. Re2+ Kd7 28. Ne4 Kc6 29. Ng5 Rf8 30. Bg3 1-0

[Event "4NCL"]
[Site "Barcelo Hotel, Hinkley Island"]
[Date "2011.01.16"]
[Round "4.33"]
[White "Higgs, Anthony RJ"]
[Black "Woods, Timothy J"]
[Result "1-0"]
[WhiteElo "1976"]
[BlackElo "1861"]
[PlyCount "45"]
[EventDate "2011.??.??"]
[WhiteTeam "Guildford A&DC 3"]
[BlackTeam "Sussex Smart Controls"]

1. d4 d6 2. e4 Nf6 3. Nc3 g6 4. f3 c6 5. a4 Nbd7 6. Be3 Qa5 7. Nh3 Bg7 8. Be2
O-O 9. O-O e5 10. dxe5 dxe5 11. Nf2 Nc5 12. Qd6 Ne6 13. b4 Rd8 14. Qxe6 Qxb4
15. Qb3 Qe7 16. Bc4 Nh5 17. Rad1 Rf8 18. Nd3 b6 19. Ne2 Kh8 20. Qb4 c5 21. Qb3
f5 22. Bd5 Rb8 23. Bxc5 1-0

[Event "4NCL"]
[Site "Barcelo Hotel, Hinkley Island"]
[Date "2011.01.16"]
[Round "4.34"]
[White "Fraser-Mitchell, Jeremy N"]
[Black "Rawlinson, Aidan M"]
[Result "1/2-1/2"]
[WhiteElo "2014"]
[BlackElo "2183"]
[PlyCount "45"]
[EventDate "2011.??.??"]
[WhiteTeam "FCA Solutions 2"]
[BlackTeam "Oxford 2"]

1. d4 d5 2. c4 e6 3. cxd5 exd5 4. Nc3 Nf6 5. Bg5 Be7 6. e3 h6 7. Bf4 O-O 8. Bd3
c6 9. h3 Nbd7 10. Qc2 Re8 11. Nf3 a6 12. O-O Nf8 13. Rfb1 Ne6 14. Bh2 c5 15.
dxc5 Nxc5 16. Be2 Nfe4 17. Nxe4 dxe4 18. Rd1 Qb6 19. Ne5 Be6 20. Nc4 Qc6 21.
Ne5 Qb6 22. Nc4 Qc6 23. Ne5 1/2-1/2

[Event "4NCL"]
[Site "Barcelo Hotel, Hinkley Island"]
[Date "2011.01.16"]
[Round "4.34"]
[White "Freeman, Richard CP"]
[Black "Duggan, Christopher"]
[Result "1/2-1/2"]
[WhiteElo "2039"]
[BlackElo "2030"]
[PlyCount "29"]
[EventDate "2011.??.??"]
[WhiteTeam "FCA Solutions 2"]
[BlackTeam "Oxford 2"]

1. c4 Nf6 2. g3 e5 3. Bg2 c6 4. d4 exd4 5. Qxd4 Na6 6. Nc3 Bc5 7. Qe5+ Be7 8.
Nh3 O-O 9. O-O Re8 10. Qd4 Bc5 11. Qd1 Nc7 12. Nf4 Ne6 13. Nd3 Bd4 14. Bd2 Nc5
15. Nxc5 1/2-1/2

[Event "4NCL"]
[Site "Barcelo Hotel, Hinkley Island"]
[Date "2011.01.16"]
[Round "4.34"]
[White "Grainger, Benjamin P"]
[Black "Hadi, Justin"]
[Result "1-0"]
[WhiteElo "1802"]
[BlackElo "2051"]
[PlyCount "69"]
[EventDate "2011.??.??"]
[WhiteTeam "FCA Solutions 2"]
[BlackTeam "Oxford 2"]

1. Nf3 Nc6 2. g3 d5 3. d3 Nf6 4. Bg2 Bg4 5. Nbd2 Qd7 6. c4 d4 7. Qa4 e5 8. a3
Nd8 9. Qa5 Nc6 10. Qb5 Bxf3 11. Nxf3 Bd6 12. Qxb7 O-O 13. Ng5 Na5 14. Qa6 Nb3
15. Bxa8 Nxa1 16. Bc6 Qg4 17. Qa4 Rb8 18. b4 h6 19. h3 Qh5 20. Bf3 Qg6 21. Ne4
a5 22. Nxd6 cxd6 23. b5 e4 24. dxe4 Nxe4 25. O-O Nc3 26. Qxa5 Nb3 27. Qc7 Re8
28. b6 Nxc1 29. Rxc1 Rxe2 30. Qc8+ Kh7 31. b7 Rxf2 32. Kxf2 Qg5 33. Qe8 Qxc1
34. Be4+ g6 35. Qxf7+ 1-0

[Event "4NCL"]
[Site "Barcelo Hotel, Hinkley Island,"]
[Date "2011.01.16"]
[Round "4.35"]
[White "Vas, Peter J"]
[Black "Byron, Alan M"]
[Result "1/2-1/2"]
[WhiteElo "2293"]
[BlackElo "2192"]
[PlyCount "93"]
[EventDate "2011.??.??"]
[WhiteTeam "UCL"]
[BlackTeam "e2e4.org.uk 2"]

1. e4 c5 2. Nf3 d6 3. d4 cxd4 4. Nxd4 Nf6 5. f3 e5 6. Nb3 Be7 7. c4 Be6 8. Nc3
O-O 9. Be3 a6 10. Qd2 b5 11. Nd5 Bxd5 12. cxd5 Nh5 13. Rc1 g6 14. Bd3 f5 15.
O-O f4 16. Bf2 Nf6 17. g3 fxg3 18. hxg3 Nh5 19. Kg2 Bg5 20. Be3 h6 21. Bxg5
hxg5 22. Na5 Ra7 23. Be2 Rh7 24. Nc6 Qf6 25. Rh1 Nd7 26. Rcf1 Rhf7 27. Qe3 Kg7
28. b4 Rh8 29. Bd1 Rhf8 30. g4 Nf4+ 31. Kg3 Rg8 32. Rh2 Rff8 33. Rfh1 Rh8 34.
Qa7 Rxh2 35. Rxh2 Rf7 36. Qe3 Rf8 37. a4 Rh8 38. Qa7 Qf7 39. Rxh8 Kxh8 40. Qa8+
Kh7 41. Qd8 bxa4 42. Bxa4 Ne2+ 43. Kg2 Nf4+ 44. Kg3 Ne2+ 45. Kg2 Nf4+ 46. Kg1
Ne2+ 47. Kg2 1/2-1/2

[Event "4NCL"]
[Site "Barcelo Hotel, Hinkley Island,"]
[Date "2011.01.16"]
[Round "4.35"]
[White "Josse, Mark"]
[Black "Ertbjerg, Andreas"]
[Result "1-0"]
[WhiteElo "2159"]
[BlackElo "2031"]
[PlyCount "49"]
[EventDate "2011.??.??"]
[WhiteTeam "e2e4.org.uk 2"]
[BlackTeam "UCL"]

1. e4 e6 2. d4 d5 3. Nd2 c5 4. Ngf3 Nf6 5. e5 Nfd7 6. c3 Nc6 7. Bd3 f6 8. exf6
Nxf6 9. O-O Bd6 10. dxc5 Bxc5 11. b4 Bd6 12. b5 Ne5 13. Nxe5 Bxe5 14. Bb2 O-O
15. Nf3 Bc7 16. c4 Ng4 17. h3 Qd6 18. c5 Qf4 19. hxg4 e5 20. Bf5 Bxf5 21. Qxd5+
Kh8 22. gxf5 Rad8 23. Qxb7 Rd3 24. Qxc7 Rxf3 25. Bxe5 1-0

[Event "4NCL"]
[Site "Barcelo Hotel, Hinkley Island,"]
[Date "2011.01.16"]
[Round "4.35"]
[White "Afonin, Iaroslav"]
[Black "Mansson, James C"]
[Result "0-1"]
[WhiteElo "1950"]
[BlackElo "2128"]
[PlyCount "54"]
[EventDate "2011.??.??"]
[WhiteTeam "UCL"]
[BlackTeam "e2e4.org.uk 2"]

1. d4 d5 2. c4 c6 3. Nf3 Nf6 4. Nc3 e6 5. cxd5 exd5 6. Bg5 Be7 7. e3 Bf5 8. Bd3
Bxd3 9. Qxd3 Nbd7 10. O-O O-O 11. a3 a5 12. Rab1 Re8 13. b4 axb4 14. axb4 b5
15. Rfc1 Nh5 16. Bxe7 Qxe7 17. Nd1 Rec8 18. Rb3 Nb6 19. Ne5 Nc4 20. f4 g6 21.
Qe2 f6 22. g4 fxe5 23. gxh5 exf4 24. hxg6 Kh8 25. Qh5 Rg8 26. Kf2 Ra2+ 27. Kf1
Nd2+ 0-1

[Event "4NCL"]
[Site "Barcelo Hotel, Hinkley Island,"]
[Date "2011.01.16"]
[Round "4.35"]
[White "Horspool, Philip J"]
[Black "Sirisena, Chantal N"]
[Result "1/2-1/2"]
[WhiteElo "2138"]
[BlackElo "1961"]
[PlyCount "60"]
[EventDate "2011.??.??"]
[WhiteTeam "e2e4.org.uk 2"]
[BlackTeam "UCL"]

1. e4 d6 2. Nc3 g6 3. d4 Bg7 4. Be3 c6 5. a4 Nd7 6. Nf3 Qc7 7. Qd2 Ngf6 8. Bh6
O-O 9. Be2 e5 10. O-O Re8 11. Bxg7 Kxg7 12. dxe5 dxe5 13. Rfe1 Nc5 14. Bc4 Be6
15. Qe2 Rad8 16. Ng5 Rd4 17. Bxe6 Nxe6 18. Nxe6+ Rxe6 19. Rad1 Qb6 20. b3 Qb4
21. Qe3 Red6 22. Rc1 Ng4 23. Qf3 Rf6 24. Qxg4 Qxc3 25. Re2 Rf4 26. Qg3 Qb2 27.
Rce1 Rfxe4 28. h3 Rxe2 29. Rxe2 Qc1+ 30. Kh2 Rf4 1/2-1/2

[Event "4NCL"]
[Site "Barcelo Hotel, Hinkley Island,"]
[Date "2011.01.16"]
[Round "4.35"]
[White "Kovacik, Filip"]
[Black "Denton, John R"]
[Result "1/2-1/2"]
[WhiteElo "1700"]
[BlackElo "2062"]
[PlyCount "132"]
[EventDate "2011.??.??"]
[WhiteTeam "UCL"]
[BlackTeam "e2e4.org.uk 2"]

1. d4 Nf6 2. c4 e6 3. g3 d5 4. Nf3 Be7 5. Bg2 O-O 6. O-O b6 7. Ne5 Bb7 8. Nd2
Qc8 9. Ndf3 dxc4 10. Nxc4 Nbd7 11. Bf4 Nd5 12. Bd2 N7f6 13. Nce5 Ne4 14. Rc1
Rd8 15. a3 c5 16. b4 Qb8 17. Qc2 f5 18. bxc5 bxc5 19. Ba5 Rc8 20. Qa4 Qd6 21.
Nc4 Qa6 22. Qd7 Nef6 23. Qa4 Nb6 24. Qb3 Bd5 25. Bxb6 axb6 26. Nfe5 b5 27. Bxd5
exd5 28. Ne3 c4 29. Qc2 g6 30. Ra1 Qd6 31. Rfb1 Rxa3 32. Rxa3 Qxa3 33. Rxb5
Qa1+ 34. Rb1 Qxd4 35. Nf3 Qc5 36. Rd1 Rd8 37. Nd4 Kf7 38. Qc3 Ne4 39. Qc1 Bg5
40. h4 Bf6 41. Nec2 c3 42. e3 Rb8 43. Qa1 Qb6 44. f3 Nxg3 45. Kg2 Nh5 46. Qxc3
Bxh4 47. Qd3 Qf6 48. f4 Rd8 49. Ra1 Bg3 50. Rh1 Bxf4 51. Rxh5 gxh5 52. exf4
Rg8+ 53. Kf1 Rg4 54. Ne2 Qe6 55. Ne3 Rg8 56. Qxd5 Qxd5 57. Nxd5 h4 58. Ng1 Rg4
59. Nh3 h6 60. Kf2 Rg3 61. Ng1 Rd3 62. Ne3 Kg6 63. Nf3 Kh5 64. Nxf5 Kg4 65.
Ne5+ Kxf4 66. Nxd3+ Kxf5 1/2-1/2

[Event "4NCL"]
[Site "Barcelo Hotel, Hinkley Island,"]
[Date "2011.01.16"]
[Round "4.36"]
[White "Brown, Alan M"]
[Black "Ingram, Keith R"]
[Result "1-0"]
[WhiteElo "2092"]
[BlackElo "2078"]
[PlyCount "69"]
[EventDate "2011.??.??"]
[WhiteTeam "FCA Solutions 1"]
[BlackTeam "Warwickshire Select 2"]

1. d4 d5 2. Nf3 e6 3. c4 c6 4. e3 Nf6 5. Bd3 Bd6 6. O-O Nbd7 7. Nc3 O-O 8. b3
e5 9. cxd5 exd4 10. Nxd4 cxd5 11. Bb2 Nc5 12. Be2 a6 13. Rc1 Re8 14. Bf3 Nce4
15. Rc2 Qe7 16. Nce2 Qe5 17. Ng3 Qg5 18. Be2 Nxg3 19. hxg3 h5 20. Nf3 Qh6 21.
Bxf6 Qxf6 22. Qxd5 Bf5 23. Bd3 Bxd3 24. Qxd3 Rad8 25. Qe2 g5 26. Rd1 h4 27.
gxh4 g4 28. Nh2 Qxh4 29. Qxg4+ Qxg4 30. Nxg4 Kg7 31. Rcd2 Re6 32. f3 f5 33. Nf2
Kf7 34. e4 Rh6 35. e5 1-0

[Event "4NCL"]
[Site "Barcelo Hotel, Hinkley Island,"]
[Date "2011.01.16"]
[Round "4.36"]
[White "Page, Mark E"]
[Black "Habershon, Paul F"]
[Result "0-1"]
[WhiteElo "2046"]
[BlackElo "2114"]
[PlyCount "78"]
[EventDate "2011.??.??"]
[WhiteTeam "Warwickshire Select 2"]
[BlackTeam "FCA Solutions 1"]

1. e4 Nf6 2. e5 Nd5 3. d4 d6 4. Bc4 Nb6 5. Bb3 dxe5 6. Qh5 e6 7. dxe5 a5 8. Nc3
g6 9. Qg4 h5 10. Qe4 Bd7 11. Nf3 Bc6 12. Qe2 N8d7 13. a4 Bg7 14. Bf4 Qe7 15.
O-O-O O-O 16. h3 Qb4 17. Qe3 Nc5 18. Bh6 Bxf3 19. Bxg7 Kxg7 20. Qxf3 Nxb3+ 21.
cxb3 Qxb3 22. g4 Nc4 23. Qe2 hxg4 24. hxg4 Rh8 25. f4 Rad8 26. Rxh8 Rxd1+ 27.
Nxd1 Kxh8 28. f5 Nb6 29. Qd2 Kh7 30. Qh2+ Kg8 31. Qh6 exf5 32. gxf5 Qc4+ 33.
Kd2 Qd4+ 34. Kc1 Qc5+ 35. Kd2 Qd5+ 36. Kc1 Qc6+ 37. Kd2 Qd7+ 38. Ke2 Qxf5 39.
Ne3 Qxe5 0-1

[Event "4NCL"]
[Site "Barcelo Hotel, Hinkley Island,"]
[Date "2011.01.16"]
[Round "4.36"]
[White "Smith, Graham M"]
[Black "Hunt, Malcolm A"]
[Result "1/2-1/2"]
[WhiteElo "2093"]
[BlackElo "2076"]
[PlyCount "99"]
[EventDate "2011.??.??"]
[WhiteTeam "FCA Solutions 1"]
[BlackTeam "Warwickshire Select 2"]

1. e4 e5 2. Nf3 Nc6 3. Bb5 Nf6 4. O-O Nxe4 5. d4 Nd6 6. Bxc6 dxc6 7. dxe5 Nf5
8. Qxd8+ Kxd8 9. Rd1+ Ke8 10. b3 a5 11. a4 b6 12. Bb2 h6 13. Nc3 Bb4 14. Ne4
Ba6 15. c3 Be7 16. c4 Rd8 17. Re1 Bb4 18. Red1 Bc8 19. Rxd8+ Kxd8 20. Rd1+ Ke8
21. h3 Be6 22. g4 Ne7 23. Nd4 h5 24. Nxe6 fxe6 25. Kg2 hxg4 26. hxg4 Ng6 27.
Kg3 Be7 28. f4 Bh4+ 29. Kf3 Be7 30. Ng3 Rh2 31. Bd4 c5 32. Bc3 Nh4+ 33. Ke4 Rg2
34. Rd3 Rg1 35. f5 Bg5 36. fxe6 Ke7 37. Kd5 g6 38. Kc6 Rb1 39. Ne4 Bf4 40. Bd2
g5 41. Bxf4 gxf4 42. Kxc7 Kxe6 43. Kxb6 Kxe5 44. Nd2 Rb2 45. Rd5+ Ke6 46. Kxc5
f3 47. Nxf3 Nxf3 48. Kb5 Rxb3+ 49. Kxa5 Ne5 50. Rb5 1/2-1/2

[Event "4NCL"]
[Site "Barcelo Hotel, Hinkley Island,"]
[Date "2011.01.16"]
[Round "4.36"]
[White "Fallowfield, Jeremy"]
[Black "Williamson, Kevin J"]
[Result "0-1"]
[WhiteElo "2044"]
[BlackElo "2065"]
[PlyCount "44"]
[EventDate "2011.??.??"]
[WhiteTeam "Warwickshire Select 2"]
[BlackTeam "FCA Solutions 1"]

1. e4 d6 2. Nc3 e5 3. d4 exd4 4. Qxd4 Nc6 5. Bb5 Bd7 6. Bxc6 Bxc6 7. Nf3 Nf6 8.
Bg5 Be7 9. O-O-O O-O 10. h4 Ng4 11. Nd5 Bxd5 12. exd5 f5 13. Qd2 h6 14. Bf4 Bf6
15. Rde1 Qd7 16. Re2 Rae8 17. Rhe1 Rxe2 18. Rxe2 Re8 19. Qe1 Bxb2+ 20. Kb1 Rxe2
21. Qxe2 Bf6 22. h5 Qf7 0-1